مكتبة جامعة عجلون الوطنية

فهرس بحث المكتبة

Normal view MARC view
  • العلاقات الدولية- الاردن الولايات المتحدة الامريكيةا1946- م1967

Entry Topical Term

Number of records used in: 1

001 - CONTROL NUMBER

  • control field: 16194

003 - CONTROL NUMBER IDENTIFIER

  • control field: JO-AjAnu

005 - DATE AND TIME OF LATEST TRANSACTION

  • control field: 20230606072901.0

008 - FIXED-LENGTH DATA ELEMENTS

  • fixed length control field: 230606|| aca||aabn | a|a d

040 ## - CATALOGING SOURCE

  • Original cataloging agency: JO-AjAnu
  • Transcribing agency: JO-AjAnu

150 ## - HEADING--TOPICAL TERM

  • Topical term or geographic name entry element: العلاقات الدولية- الاردن الولايات المتحدة الامريكيةا1946- م1967

670 ## - SOURCE DATA FOUND

  • Source citation: Work cat.: (JO-AjAnu)8313: البشتاوي، عماد رفعت, author 16193, العلاقات الأردنية الأمريكية 1946-1967 م